<?xml version="1.0" encoding="UTF-8"?>
<marc:record xmlns:marc="http://www.loc.gov/MARC21/slim">
   <marc:leader>00000nam a2200000 a 4500</marc:leader>
   <marc:datafield ind1="1" ind2=" " tag="100">
      <marc:subfield code="a">Simmons, Lili</marc:subfield>
   </marc:datafield>
   <marc:datafield ind1="1" ind2=" " tag="100">
      <marc:subfield code="a">Milicevic, Ivana</marc:subfield>
   </marc:datafield>
   <marc:datafield ind1="1" ind2=" " tag="100">
      <marc:subfield code="a">Lee, Hoon</marc:subfield>
   </marc:datafield>
   <marc:datafield ind1="1" ind2=" " tag="100">
      <marc:subfield code="a">Starr, Antony</marc:subfield>
   </marc:datafield>
   <marc:datafield ind1=" " ind2=" " tag="653">
      <marc:subfield code="a">Serie</marc:subfield>
   </marc:datafield>
   <marc:datafield ind1=" " ind2=" " tag="653">
      <marc:subfield code="a">Amish</marc:subfield>
   </marc:datafield>
   <marc:datafield ind1=" " ind2=" " tag="653">
      <marc:subfield code="a">Krimiserie</marc:subfield>
   </marc:datafield>
   <marc:datafield ind1="0" ind2="0" tag="245">
      <marc:subfield code="a">Banshee</marc:subfield>
   </marc:datafield>
   <marc:datafield ind1="0" ind2="0" tag="245">
      <marc:subfield code="b">it only ends one way</marc:subfield>
   </marc:datafield>
   <marc:datafield ind1=" " ind2="1" tag="264">
      <marc:subfield code="a">Hamburg</marc:subfield>
      <marc:subfield code="b">Home Box Office</marc:subfield>
      <marc:subfield code="c">2016</marc:subfield>
   </marc:datafield>
   <marc:datafield ind1="1" ind2=" " tag="490">
      <marc:subfield code="a">Banshee</marc:subfield>
      <marc:subfield code="v">4</marc:subfield>
   </marc:datafield>
   <marc:datafield ind1="1" ind2=" " tag="520">
      <marc:subfield code="a">Die dritte Staffel beginnt einen Monat nach den Ereignissen des zweiten Staffelfinales: Carries falsche Identität ist aufgeflogen, ihr Mann hat sie mit den Kindern verlassen. Sie bleibt jedoch in Banshee, arbeitet tagsüber als Kellnerin und verübt nachts zusammen mit Lucas sowie den Bandenmitgliedern Sugar Bates und Job etliche Überfälle. Lucas merkt, dass es immer schwieriger wird, seine wahre Identität vor den Hilfssheriffs geheimzuhalten. Gleichzeitig verstrickt sich die Polizei von Banshee in einen neuen Konflikt zwischen dem Amish-Gangster Kai Proctor und Chayton Littlestone, dem grausamen Anführer der Redbone-Abteilung innerhalb des Kinaho-Stammes. Während in Banshee die Fäuste sprechen und die Schusswaffen locker sitzen, entwickelt Lucas einen neuen Plan, der seiner Diebesclique ein Vermögen einbringen könnte: Sie wollen Millionen Dollar aus einem stillgelegten Marine-Lager rauben.</marc:subfield>
   </marc:datafield>
   <marc:datafield ind1=" " ind2=" " tag="020">
      <marc:subfield code="a">5051890304346</marc:subfield>
      <marc:subfield code="9">5051890304346</marc:subfield>
   </marc:datafield>
   <marc:datafield ind1="0" ind2=" " tag="490">
      <marc:subfield code="v">0</marc:subfield>
   </marc:datafield>
   <marc:datafield ind1=" " ind2=" " tag="300">
      <marc:subfield code="a">DVD (396 Min.)</marc:subfield>
   </marc:datafield>
</marc:record>
